Statistics for Top Seafood Consuming Countries Per-Capita

Click here to take the quiz!

General Stats

  • This quiz has been taken 223 times
  • The average score is 12 of 20

Answer Stats

#kg.Answer% Correct
1145.49Japan
96%
1638.17China
85%
1244.67Indonesia
83%
654.97South Korea
81%
1442.47Spain
80%
190.71Iceland
79%
851.35Norway
78%
556.84Portugal
71%
1737.66Vietnam
71%
2034.37France
69%
457.62Malaysia
67%
1934.83Fiji
58%
1342.69Cambodia
56%
1046.32Samoa
51%
290.41Maldives
45%
947.32Myanmar
45%
376.69Kiribati
40%
1539.97Barbados
33%
1836.05Saint Kitts and Nevis
28%
752.54Antigua and Barbuda
27%

Score Distribution

Percentile by Number Answered

Percent of People with Each Score

Your Score History

You have not taken this quiz